[Event "Delft Prinsenstad op-C"]
[Site "Delft"]
[Date "2010.04.04"]
[Round "5"]
[White "Vriens, Huib"]
[Black "Arkesteijn, Jaco"]
[Result "1/2-1/2"]
[WhiteElo "1591"]
[BlackElo "1554"]
[PlyCount "98"]
[EventDate "2010.04.02"]
[EventType "swiss"]
[EventRounds "6"]
[EventCountry "NED"]
[SourceTitle "EXT 2013"]
[Source "ChessBase"]
[SourceDate "2012.11.22"]
[SourceVersion "1"]
[SourceVersionDate "2012.11.22"]
[SourceQuality "1"]

1. e4 c5 2. Nf3 d6 3. d4 cxd4 4. Nxd4 Nf6 5. Nc3 a6 6. Be3 e5 7. Nb3 Nbd7 8. Be2 b5 9. f3 Bb7 10. Qd2 Nb6 11. Na5 Rb8 12. Nxb7 Rxb7 13. b3 Rd7 14. Nxb5 d5 15. exd5 Nbxd5 16. 0-0 Nf4 17. Qe1 Nxe2+ 18. Qxe2 axb5 19. Qxb5 Bd6 20. Bc5 0-0 21. Bxd6 Rxd6 22. Qxe5 Re8 23. Qc5 Rd2 24. Rfe1 Ree2 25. Rxe2 Rxe2 26. Rf1 g6 27. g3 h6 28. a4 Nh7 29. Rf2 Re1+ 30. Rf1 Rxf1+ 31. Kxf1 Qd1+ 32. Kg2 Ng5 33. Qf2 Kf8 34. a5 Qd6 35. Qe2 Ne6 36. Qe1 g5 37. b4 Nd4 38. Qc3 Qe5 39. g4 h5 40. h3 h4 41. Qc5+ Qxc5 42. bxc5 Ke7 43. c3 Nc6 44. a6 Ke6 45. Kf2 Ke5 46. Ke3 Na7 47. Kd3 Nc6 48. Kc4 Na7 49. Kb4 Kd5 1/2-1/2